Statistiques concernant Toutes les attaques de Arcanin

Cliquez ici pour prendre le quiz!

Statistiques générales

  • Ce quiz a été pris 3 fois
  • Le résultat moyen est 66 sur 93

Statistiques - réponses

Type de quizPuissanceAttaque% Correct
Ténèbres55Aboiement
100%
NormalSTATUTAbri
100%
Vol60Aéropique
100%
NormalSTATUTAurore
100%
Normal90Bélier
100%
Feu120Boutefeu
100%
Fée90Calinerie
100%
Feu95Canicule
100%
Combat120Close Combat
100%
Dragon120Colère
100%
Feu65Crocs Feu
100%
Normal120Damoclès
100%
Feu35Danse Flammes
100%
Feu110Déflagration
100%
Combat30+Double Pied
100%
Dragon85Draco-Choc
100%
Dragon60Draco-Souffle
100%
Electrik90Eclair Fou
100%
Combat40Eclate-Roc
100%
FeuSTATUTFeu Follet
100%
Feu40Flammèche
100%
Normal150Giga Impact
100%
Feu90Lance-Flammes
100%
Plante120Lance-Soleil
100%
Ténèbres80Machouille
100%
SpectreSTATUTMalédiction
100%
Ténèbres60Morsure
100%
Feu50Nitrocharge
100%
Acier100Queue de Fer
100%
Feu60Roue de Feu
100%
Feu130Surchauffe
100%
Combat120Surpuissance
100%
Acier80Tête de Fer
100%
PoisonSTATUTToxik
100%
Sol80Tunnel
100%
Normal150Ultralaser
100%
Normal80Vitesse Extreme
100%
FeuSTATUTZénith
100%
NormalSTATUTBlabla Dodo
67%
Feu60Calcination
67%
Combat?Contre
67%
NormalSTATUTCopie
67%
Sol20Coud'Boue
67%
Electrik65Crocs Eclair
67%
Dragon?Draco-Rage
67%
Normal80Force
67%
Normal70Force Cachée
67%
Normal20Frénésie
67%
Feu120Grand Courroux
67%
NormalSTATUTGrondement
67%
NormalSTATUTGroz'Yeux
67%
PsySTATUTHâte
67%
NormalSTATUTHurlement
67%
Feu75Indignition
67%
Normal120Mania
67%
Normal90Megaphone
67%
Sol60Piétisol
67%
PsySTATUTProtection
67%
Psy85Psycho-Croc
67%
Normal60Puissance Cachée
67%
Feu70Rebondifeu
67%
NormalSTATUTReflet
67%
PsySTATUTRepos
67%
Sol70Sable Ardent
67%
PsySTATUTTéléport
67%
Normal80Téra-Explosion
67%
Normal70Vengeance
67%
NormalSTATUTAffilage
33%
NormalSTATUTAttraction
33%
Normal60Chant Canon
33%
FéeSTATUTCharme
33%
NormalSTATUTClonage
33%
NormalSTATUTConfidence
33%
Normal130Coud'Krane
33%
Normal70Coup d'Boule
33%
NormalSTATUTCoup d'Main
33%
Normal?Don Naturel
33%
NormalSTATUTFlair
33%
Feu130Flamme Ultime
33%
Normal?Frustration
33%
NormalSTATUTGrimace
33%
Normal60Implore
33%
Ténèbres60Larcin
33%
Normal60Météores
33%
Normal?Patience
33%
Normal85Plaquage
33%
Normal?Retour
33%
Normal50Ronflement
33%
NormalSTATUTRune Protect
33%
NormalSTATUTSéduction
33%
Feu?Tacle Feu
33%
NormalSTATUTTénacité
33%
NormalSTATUTVantardise
33%

Distribution des résultats

Percentile par nombre de réponses

% des personnes avec chaque résultat

Votre développement - résultats

Vous n’avez pas pris ce quiz